Rheology of industrial polysaccharides: theory and applications

Na minha lista:
Detalhes bibliográficos
Main Authors: Lapasin, Romano (Author), Pricl, Sabrina (Author)
Formato: Livro
Idioma:inglês
Publicado em: Londres Blackie Academic and Professional 1995
Assuntos:
Tags: Adicionar Tag
Sem tags, seja o primeiro a adicionar uma tag!

MARC

LEADER 00000nam a2200000 a 4500
001 UCT8278
003 CL-VaPUC
008 970326e19950000UK |||||||||||||||||eng|d
082 0 4 |a 572.566  |b LAP  |2 21 
100 0 |a Lapasin, Romano  |e author  |9 379914 
700 0 |a Pricl, Sabrina  |e author  |9 379915 
245 1 0 |a Rheology of industrial polysaccharides: theory and applications 
300 |a 620 p 
942 |c BK 
945 |d 19970326 00:00:00  |a nastorga 
260 |a Londres  |b Blackie Academic and Professional  |c 1995 
650 0 |a Reología   |9 259723 
650 0 |a Polisacáridos  |9 262996 
650 0 |a Química  |9 259896 
650 0 |a Genética  |9 259443 
650 0 |a Biotecnología   |9 259561 
650 7 |a TEMPERATURA  |2 CL-VaPUC  |9 379916 
650 0 |a Moléculas   |9 259584 
650 0 |a Reacciones químicas  |9 259438 
650 0 |a Bioquímica   |9 259492 
583 |a last modification  |c 19970326 00:00:00  |k Rodrigo Vera 
999 |c 256791  |d 256789 
952 |0 0  |1 0  |4 0  |6 572_566000000000000_LAP_1995  |7 0  |8 A  |9 279768  |a BIBING  |b BIBING  |d 2019-11-19  |i 3293467  |l 1  |m 1  |o 572.566 LAP 1995  |p 3293467  |r 2025-01-20  |s 2024-10-23  |w 2019-11-19  |y BK  |k EIB